International Finance FOR DUMMIES

Gespeichert in:
Bibliographische Detailangaben
1. Verfasser:  Evrensel, Ayse Y
Format: Sách
Sprache:Undetermined
Veröffentlicht:  John Wiley & Son, Inc  2013
Schlagworte:
Tags: Tag hinzufügen
Keine Tags, Fügen Sie den ersten Tag hinzu!
Thư viện lưu trữ: Trung tâm Thư viện - Trường Đại học Công nghiệp TP. Hồ Chí Minh
LEADER 00497nam a2200157Ia 4500
001 UIH_04164
008 231011s9999 xx 000 0 und d
082 |a  332.042 
100 |a  Evrensel, Ayse Y 
245 0 |a  International Finance FOR DUMMIES 
245 0 |c  Evrensel, Ayse Y 
260 |b  John Wiley & Son, Inc 
260 |c  2013 
650 |a  Tài chính quốc tế;  
927 |a Sách 
980 |a Trung tâm Thư viện - Trường Đại học Công nghiệp TP. Hồ Chí Minh